<?xml version="1.0" encoding="UTF-8"?>
<record
    xmlns:xsi="http://www.w3.org/2001/XMLSchema-instance"
    xsi:schemaLocation="http://www.loc.gov/MARC21/slim http://www.loc.gov/standards/marcxml/schema/MARC21slim.xsd"
    xmlns="http://www.loc.gov/MARC21/slim">

  <leader>00958nam a22002417a 4500</leader>
  <controlfield tag="005">20170731112238.0</controlfield>
  <datafield tag="010" ind1=" " ind2=" ">
    <subfield code="a">1617EN  ENG-116862</subfield>
  </datafield>
  <datafield tag="020" ind1=" " ind2=" ">
    <subfield code="a">9780670088263</subfield>
    <subfield code="c">499.00</subfield>
  </datafield>
  <datafield tag="035" ind1=" " ind2=" ">
    <subfield code="a">B-649560-567</subfield>
  </datafield>
  <datafield tag="035" ind1=" " ind2=" ">
    <subfield code="a">EN-100394</subfield>
  </datafield>
  <datafield tag="035" ind1=" " ind2=" ">
    <subfield code="a">B-667288</subfield>
  </datafield>
  <datafield tag="037" ind1=" " ind2=" ">
    <subfield code="a">dpl</subfield>
    <subfield code="b">Aakar</subfield>
  </datafield>
  <datafield tag="037" ind1=" " ind2=" ">
    <subfield code="b">DBAD/PUB</subfield>
  </datafield>
  <datafield tag="082" ind1=" " ind2=" ">
    <subfield code="a">N</subfield>
  </datafield>
  <datafield tag="100" ind1=" " ind2=" ">
    <subfield code="a"> Anjum Hasan</subfield>
  </datafield>
  <datafield tag="245" ind1=" " ind2=" ">
    <subfield code="a">The cosmopolitans /</subfield>
    <subfield code="c">by Anjum Hasan</subfield>
  </datafield>
  <datafield tag="260" ind1=" " ind2=" ">
    <subfield code="a">Gurgaon </subfield>
    <subfield code="b">Penguin  Random house </subfield>
    <subfield code="c">2015</subfield>
  </datafield>
  <datafield tag="270" ind1=" " ind2=" ">
    <subfield code="a">Penguin Books pvt. Ltd., 7th Floor, Infiniry Tower C, DLF Cyber City, </subfield>
    <subfield code="b">Gurgaon </subfield>
    <subfield code="e">122002</subfield>
  </datafield>
  <datafield tag="300" ind1=" " ind2=" ">
    <subfield code="a">xii,385p.</subfield>
    <subfield code="c">24cm(Hb)</subfield>
  </datafield>
  <datafield tag="942" ind1=" " ind2=" ">
    <subfield code="2">ddc</subfield>
    <subfield code="c">EN</subfield>
    <subfield code="h">N</subfield>
    <subfield code="m">ANJ</subfield>
  </datafield>
  <datafield tag="999" ind1=" " ind2=" ">
    <subfield code="c">102244</subfield>
    <subfield code="d">102244</subfield>
  </datafield>
  <datafield tag="952" ind1=" " ind2=" ">
    <subfield code="0">0</subfield>
    <subfield code="1">0</subfield>
    <subfield code="4">0</subfield>
    <subfield code="7">1</subfield>
    <subfield code="8">FIC</subfield>
    <subfield code="a">DBAD</subfield>
    <subfield code="b">DBAD</subfield>
    <subfield code="d">2016-12-19</subfield>
    <subfield code="e">DBAD/PUB</subfield>
    <subfield code="g">399.00</subfield>
    <subfield code="l">0</subfield>
    <subfield code="o">N ANJ</subfield>
    <subfield code="p">EN-100394</subfield>
    <subfield code="r">2016-12-19 00:00:00</subfield>
    <subfield code="t">1</subfield>
    <subfield code="v">399.00</subfield>
    <subfield code="y">EN</subfield>
  </datafield>
  <datafield tag="952" ind1=" " ind2=" ">
    <subfield code="0">0</subfield>
    <subfield code="1">0</subfield>
    <subfield code="4">0</subfield>
    <subfield code="7">0</subfield>
    <subfield code="8">FIC</subfield>
    <subfield code="a">L</subfield>
    <subfield code="b">L</subfield>
    <subfield code="d">2017-03-01</subfield>
    <subfield code="e">BPPD/EN/2016-17/285/24.11.2016/I-2591/8.12.2016/2.1.17</subfield>
    <subfield code="g">499.00</subfield>
    <subfield code="l">12</subfield>
    <subfield code="m">6</subfield>
    <subfield code="o">N ANJ</subfield>
    <subfield code="p">B-649560</subfield>
    <subfield code="r">2022-06-08 00:00:00</subfield>
    <subfield code="s">2022-05-05</subfield>
    <subfield code="t">1</subfield>
    <subfield code="v">499.00</subfield>
    <subfield code="w">2017-03-01</subfield>
    <subfield code="y">EN</subfield>
  </datafield>
  <datafield tag="952" ind1=" " ind2=" ">
    <subfield code="0">0</subfield>
    <subfield code="1">0</subfield>
    <subfield code="4">0</subfield>
    <subfield code="7">0</subfield>
    <subfield code="8">FIC</subfield>
    <subfield code="a">BL1</subfield>
    <subfield code="b">BL1</subfield>
    <subfield code="d">2017-03-01</subfield>
    <subfield code="e">BPPD/EN/2016-17/285/24.11.2016/I-2591/8.12.2016/2.1.17</subfield>
    <subfield code="g">499.00</subfield>
    <subfield code="l">3</subfield>
    <subfield code="m">1</subfield>
    <subfield code="o">N ANJ</subfield>
    <subfield code="p">B-649561</subfield>
    <subfield code="r">2019-10-24 00:00:00</subfield>
    <subfield code="s">2019-09-24</subfield>
    <subfield code="t">1</subfield>
    <subfield code="v">499.00</subfield>
    <subfield code="y">EN</subfield>
  </datafield>
  <datafield tag="952" ind1=" " ind2=" ">
    <subfield code="0">0</subfield>
    <subfield code="1">0</subfield>
    <subfield code="4">0</subfield>
    <subfield code="7">0</subfield>
    <subfield code="8">FIC</subfield>
    <subfield code="a">KGM</subfield>
    <subfield code="b">KGM</subfield>
    <subfield code="d">2017-03-01</subfield>
    <subfield code="e">BPPD/EN/2016-17/285/24.11.2016/I-2591/8.12.2016/2.1.17</subfield>
    <subfield code="g">499.00</subfield>
    <subfield code="l">0</subfield>
    <subfield code="o">N ANJ</subfield>
    <subfield code="p">B-649562</subfield>
    <subfield code="r">2017-03-01 00:00:00</subfield>
    <subfield code="t">1</subfield>
    <subfield code="v">499.00</subfield>
    <subfield code="y">EN</subfield>
  </datafield>
  <datafield tag="952" ind1=" " ind2=" ">
    <subfield code="0">0</subfield>
    <subfield code="1">0</subfield>
    <subfield code="4">0</subfield>
    <subfield code="7">0</subfield>
    <subfield code="8">FIC</subfield>
    <subfield code="a">JP</subfield>
    <subfield code="b">JP</subfield>
    <subfield code="d">2017-03-01</subfield>
    <subfield code="e">BPPD/EN/2016-17/285/24.11.2016/I-2591/8.12.2016/2.1.17</subfield>
    <subfield code="g">499.00</subfield>
    <subfield code="l">8</subfield>
    <subfield code="m">2</subfield>
    <subfield code="o">N ANJ</subfield>
    <subfield code="p">B-649563</subfield>
    <subfield code="r">2025-07-09 00:00:00</subfield>
    <subfield code="s">2025-07-04</subfield>
    <subfield code="t">1</subfield>
    <subfield code="v">499.00</subfield>
    <subfield code="y">EN</subfield>
  </datafield>
  <datafield tag="952" ind1=" " ind2=" ">
    <subfield code="0">0</subfield>
    <subfield code="1">0</subfield>
    <subfield code="4">0</subfield>
    <subfield code="7">0</subfield>
    <subfield code="8">FIC</subfield>
    <subfield code="a">NR</subfield>
    <subfield code="b">NR</subfield>
    <subfield code="d">2017-03-01</subfield>
    <subfield code="e">BPPD/EN/2016-17/285/24.11.2016/I-2591/8.12.2016/2.1.17</subfield>
    <subfield code="g">499.00</subfield>
    <subfield code="l">0</subfield>
    <subfield code="o">N ANJ</subfield>
    <subfield code="p">B-649564</subfield>
    <subfield code="r">2017-03-01 00:00:00</subfield>
    <subfield code="t">1</subfield>
    <subfield code="v">499.00</subfield>
    <subfield code="y">EN</subfield>
  </datafield>
  <datafield tag="952" ind1=" " ind2=" ">
    <subfield code="0">0</subfield>
    <subfield code="1">0</subfield>
    <subfield code="4">0</subfield>
    <subfield code="7">0</subfield>
    <subfield code="8">FIC</subfield>
    <subfield code="a">BN</subfield>
    <subfield code="b">BN</subfield>
    <subfield code="d">2017-03-01</subfield>
    <subfield code="e">BPPD/EN/2016-17/285/24.11.2016/I-2591/8.12.2016/2.1.17</subfield>
    <subfield code="g">499.00</subfield>
    <subfield code="l">0</subfield>
    <subfield code="o">N ANJ</subfield>
    <subfield code="p">B-649565</subfield>
    <subfield code="r">2017-03-01 00:00:00</subfield>
    <subfield code="t">1</subfield>
    <subfield code="v">499.00</subfield>
    <subfield code="y">EN</subfield>
  </datafield>
  <datafield tag="952" ind1=" " ind2=" ">
    <subfield code="0">0</subfield>
    <subfield code="1">0</subfield>
    <subfield code="4">0</subfield>
    <subfield code="7">0</subfield>
    <subfield code="8">FIC</subfield>
    <subfield code="a">BL4</subfield>
    <subfield code="b">BL4</subfield>
    <subfield code="d">2017-03-01</subfield>
    <subfield code="e">BPPD/EN/2016-17/285/24.11.2016/I-2591/8.12.2016/2.1.17</subfield>
    <subfield code="g">499.00</subfield>
    <subfield code="l">5</subfield>
    <subfield code="m">2</subfield>
    <subfield code="o">N ANJ</subfield>
    <subfield code="p">B-649566</subfield>
    <subfield code="r">2023-06-10 00:00:00</subfield>
    <subfield code="s">2023-05-16</subfield>
    <subfield code="t">1</subfield>
    <subfield code="v">499.00</subfield>
    <subfield code="y">EN</subfield>
  </datafield>
  <datafield tag="952" ind1=" " ind2=" ">
    <subfield code="0">0</subfield>
    <subfield code="1">0</subfield>
    <subfield code="4">0</subfield>
    <subfield code="7">0</subfield>
    <subfield code="8">FIC</subfield>
    <subfield code="a">YV</subfield>
    <subfield code="b">YV</subfield>
    <subfield code="d">2017-03-01</subfield>
    <subfield code="e">BPPD/EN/2016-17/285/24.11.2016/I-2591/8.12.2016/2.1.17</subfield>
    <subfield code="g">499.00</subfield>
    <subfield code="l">4</subfield>
    <subfield code="m">2</subfield>
    <subfield code="o">N ANJ</subfield>
    <subfield code="p">B-649567</subfield>
    <subfield code="r">2026-02-12 00:00:00</subfield>
    <subfield code="s">2026-01-12</subfield>
    <subfield code="t">1</subfield>
    <subfield code="v">499.00</subfield>
    <subfield code="y">EN</subfield>
  </datafield>
  <datafield tag="952" ind1=" " ind2=" ">
    <subfield code="0">0</subfield>
    <subfield code="1">0</subfield>
    <subfield code="4">0</subfield>
    <subfield code="7">0</subfield>
    <subfield code="8">FIC</subfield>
    <subfield code="a">AV</subfield>
    <subfield code="b">AV</subfield>
    <subfield code="d">2017-07-31</subfield>
    <subfield code="e">BPPD/EN/2016-17/AV/16-17/451/15.2.2017/I-3323/1.3.2017/ 17.3.2017</subfield>
    <subfield code="g">499.00</subfield>
    <subfield code="l">1</subfield>
    <subfield code="o">N ANJ</subfield>
    <subfield code="p">B-667288</subfield>
    <subfield code="r">2026-03-23 00:00:00</subfield>
    <subfield code="s">2025-12-11</subfield>
    <subfield code="t">1</subfield>
    <subfield code="v">499.00</subfield>
    <subfield code="w">2017-07-31</subfield>
    <subfield code="y">EN</subfield>
  </datafield>
</record>
